Łódzkie ulice biegnące pod mostem. - Statystyki

Ogólne statystyki
  • Ten quiz został rozwiązany 43 razy
  • Średni wynik to 10 z 32
Statystyki odpowiedzi
L.p. ulice w kolejności alfabetycznej % Poprawnych
2 Bandurskiego
70%
17 Pabianicka
61%
14 Niciarniana
58%
18 Piłsudskiego
58%
21 Rokicińska
58%
22 Rzgowska
55%
6 Drewnowska
42%
13 Maratońska
42%
3 Bartoszewskiego
39%
30 Warszawska
39%
1 Aleksandrowska
36%
29 Tuwima
36%
11 Łagiewnicka
33%
10 Legionów
33%
27 Tomaszowska
33%
20 Rodziny Grohmanów
30%
16 Obywatelska
27%
26 Telefoniczna
27%
5 Brukowa
21%
32 Zakładowa
21%
7 Karolewska
18%
12 Malownicza
18%
4 Braterska
15%
23 Sanitariuszek
15%
31 Wieńcowa
15%
8 Kąkolowa
12%
15 Nowy Józefów
12%
25 Taborowa
9%
28 Trakcyjna
9%
24 Sokołowska
6%
9 Klinowa
3%
19 Polskich Kolei Państwowych
3%
Nie znaleziono quizów pasujących do podanych kryteriów
Rozkład punktacji
Procent ludzi z każdym wynikiem
Percentyl według liczby udzielonych odpowiedzi
Twoja historia wyników
Nie rozwiązałeś tego quizu